000 00563cab a2200205 4500
001 X2304
008 090401t1995 xxu||||| |||| 00| 0 eng d
035 _a(Sirsi) u23252
041 _aeng
245 _aCavity wall insultation guarantee
260 _c1995
350 _a0
490 _aCSM (Chartered Surveyor Monthly)
_v4(7) May 1995, 7(1)
650 _aCAVITY WALL INSULATION GUARANTEE SCHEME
650 _aCAVITY WALL INSULATION
650 _aENERGY EFFICIENCY
690 _aBUILT ENVIRONMENT-BUILDING MATERIALS
942 _n0
948 _c04/03/1997
999 _c15556
_d15556